| 000 | 00410nam a22001691a 4500 | ||
|---|---|---|---|
| 999 |
_c172465 _d172465 |
||
| 020 | _a8187358305 | ||
| 082 |
_a954.02 _b |
||
| 245 |
_aCultural history of India/ _cby Basham A L (ed.). |
||
| 260 |
_a _b _c2010. |
||
| 300 | _a585p. | ||
| 650 | _aCultural History India | ||
| 650 | _aHistory India Medieval | ||
| 650 | _aHistory India | ||
| 650 | _aHistory | ||
| 700 | _aBasham A L (ed.). | ||
| 942 | _cBK | ||